[Event "Caissa GM Feb 2012"]
[Site "Kecskemet HUN"]
[Date "2012.02.25"]
[Round "8.4"]
[White "Ilincic,Z"]
[Black "Minko,V"]
[Result "1-0"]
[WhiteElo "2450"]
[BlackElo "2038"]

1.d4 g6 2.e4 Bg7 3.Nc3 d5 4.exd5 Nf6 5.Bc4 Nbd7 6.Bg5 O-O 7.Bxf6 Bxf6 8.Nge2 Nb6
9.Bb3 a5 10.a4 c6 11.dxc6 bxc6 12.O-O Ba6 13.Re1 Bg7 14.Qc1 Nc4 15.Bxc4 Bxc4
16.Qe3 Re8 17.Rad1 Qb6 18.b3 Ba6 19.Rd2 Rad8 20.Red1 Rd7 21.Ne4 Bxe2 22.Qxe2 Rxd4
23.Nd6 Rd8 24.Rxd4 Bxd4 25.Qxe7 Bxf2+ 26.Kf1 Rf8 27.Nc4 Qa7 28.Rd7 Qb8 29.Kxf2 Qf4+
30.Ke2 Qxh2 31.Ne3 h5 32.Rd8 Rxd8 33.Qxd8+ Kg7 34.Qxa5 f5 35.Qc3+ Kh7 36.Qxc6 f4
37.Nf1 Qh4 38.a5 Qg4+ 39.Kf2 h4 40.a6 Qd1 41.Qc7+ Kg8 42.Qc4+ Kg7 43.a7 Qa1
44.Qa4  1-0

[Event "28th Cappelle Open"]
[Site "Cappelle la Grande FRA"]
[Date "2012.03.09"]
[Round "8.42"]
[White "Valuet,B"]
[Black "Lagarde,Max"]
[Result "0-1"]
[WhiteElo "2318"]
[BlackElo "2488"]

1.d4 g6 2.e4 Bg7 3.Nc3 a6 4.f4 d5 5.Nxd5 e6 6.Ne3 Qxd4 7.Qxd4 Bxd4 8.Nf3 Bg7
9.Bd3 Nd7 10.Nc4 Ne7 11.a4 b6 12.Bd2 Bb7 13.Bb4 Nc6 14.Bd2 a5 15.Be3 Nb4
16.O-O-O Bc6 17.b3 Na2+ 18.Kd2 Nc3 19.Bd4 Bxd4 20.Nxd4 Nxd1 21.Nxc6 Nf2 22.Re1 Nxd3
23.cxd3 f6 24.d4 Nb8 25.Nxb8 Rxb8 26.Rc1 O-O 27.Ke3 Rfc8 28.Rd1 Kf7 29.Na3 Ke7
30.d5 exd5 31.exd5 c6 32.Nc4 cxd5 33.Rxd5 Rc6 34.Rb5 Kd7 35.Ke4 Kc7 36.Ne3 Rc5
37.Nd5+ Kc6 38.Nxf6 Rxb5 39.axb5+ Kxb5 40.g4 Kb4 41.f5 Kxb3 42.Nxh7 gxf5+  0-1

[Event "TCh-CAT 2012"]
[Site "Catalunya ESP"]
[Date "2012.03.10"]
[Round "7.9"]
[White "Quintas Galeano,L"]
[Black "Lillo Ferrer,J"]
[Result "1-0"]
[WhiteElo "2166"]
[BlackElo "2132"]

1.e4 g6 2.d4 Bg7 3.Nc3 a6 4.f4 b5 5.a3 d6 6.Nf3 Nd7 7.Be3 Bb7 8.e5 c5 9.e6 fxe6
10.Ng5 Bxd4 11.Bxd4 cxd4 12.Nxe6 Qb6 13.Ne2 Ngf6 14.Qxd4 Rc8 15.Qxb6 Nxb6
16.N2d4 Kd7 17.O-O-O Ne4 18.Re1 Bd5 19.Rg1 Nc5 20.g3 Nba4 21.Nxc5+ Nxc5 22.Re3 e6
23.Bh3 a5 24.Nxb5 a4 25.Rge1 Rhe8 26.Nc3 Bc4 27.Ne4 Bb3 28.Nf6+ Kd8 29.Nxe8 Kxe8
30.cxb3  1-0

[Event "Reykjavik Open"]
[Site "Reykjavik ISL"]
[Date "2012.03.10"]
[Round "5.28"]
[White "Zumsande,M"]
[Black "Hobber,A"]
[Result "1/2-1/2"]
[WhiteElo "2439"]
[BlackElo "2224"]

1.e4 g6 2.d4 Bg7 3.Nc3 c5 4.dxc5 Bxc3+ 5.bxc3 Qa5 6.Bd2 Qxc5 7.Bd3 Nf6 8.Nf3 d6
9.O-O O-O 10.Rb1 Qc7 11.Nd4 Nc6 12.f4 d5 13.exd5 Nxd5 14.Qf3 Rd8 15.f5 Ne5
16.Qg3 Nxd3 17.Qxd3 Nf6 18.Qf3 Qc5 19.Rb5 Qc4 20.Re5 Rxd4 21.cxd4 Qxd4+ 22.Qe3 Qxe3+
23.Rxe3 Bxf5 24.Rxe7 b6 25.c4 Ne4 26.Be3 Be6 27.Rc7 Nd6 28.c5 Nc4 29.Bd4 bxc5
30.Bxc5 a5 31.Rc1 a4 32.a3 h5 33.Be7 Nb6 34.Rb7 Nd5 35.Bd6 Kg7 36.Be5+ Kh6
37.h4 g5 38.Rb8 Rxb8 39.hxg5+ Kxg5 40.Bxb8 Nf6 41.Rc5+ Kg6 42.Ra5 Bb3 43.Kf2 Nd5
44.Kg3 Kg5 45.Kf3 Kf5 46.Bd6 Ke6 47.Bf8 Kf5 48.Ra7 Nf4 49.g3 Ne6 50.Ra5+ Kg6
51.Be7 Nd4+ 52.Ke4 Ne6 53.Ke5 Ng5 54.Ra6+ Ne6 55.Ra8 Nc7 56.Rg8+ Kh6 57.Rc8 Nd5
58.Bf6 Nb6 59.Rc6 Nd7+ 60.Kf5 Be6+ 61.Rxe6 fxe6+ 62.Kxe6 Nb6 63.Be7 Kg6 64.Bc5 Nc4
65.Kd5 Nd2 66.Ke5  1/2-1/2

[Event "Reykjavik Open"]
[Site "Reykjavik ISL"]
[Date "2012.03.10"]
[Round "5.31"]
[White "Sigfusson,S"]
[Black "Dougherty,M"]
[Result "1-0"]
[WhiteElo "2346"]
[BlackElo "2195"]

1.e4 g6 2.d4 Bg7 3.Nc3 c5 4.Nf3 cxd4 5.Nxd4 Nc6 6.Be3 Nf6 7.Bc4 d6 8.f3 Qb6
9.Ncb5 Qd8 10.Qd2 Bd7 11.O-O-O Na5 12.Be2 a6 13.Nc3 Rc8 14.Bh6 O-O 15.Bxg7 Kxg7
16.g4 Nc4 17.Bxc4 Rxc4 18.h4 h6 19.g5 Nh5 20.Nb3 Be6 21.e5 hxg5 22.hxg5 d5
23.Nd4 Qa5 24.f4 Rxc3 25.Qxc3 Qxc3 26.bxc3 Ng3 27.Rh2 Bd7 28.Rg1 Ne4 29.Kb2 Rh8
30.Rxh8 Kxh8 31.c4 dxc4 32.Re1 Bf5 33.Ka3 Nc3 34.Kb4 Nd5+ 35.Kxc4 Nxf4 36.Kc5 Bxc2
37.Rh1+  1-0

[Event "Reykjavik Open"]
[Site "Reykjavik ISL"]
[Date "2012.03.11"]
[Round "7.30"]
[White "Zumsande,M"]
[Black "Dougherty,M"]
[Result "1-0"]
[WhiteElo "2439"]
[BlackElo "2195"]

1.e4 g6 2.d4 Bg7 3.Nc3 c5 4.dxc5 Bxc3+ 5.bxc3 Qa5 6.Qd4 Nf6 7.Qb4 Qc7 8.Nf3 Nc6
9.Qc4 b5 10.cxb6 axb6 11.Bd3 Ba6 12.Qb3 O-O 13.O-O d5 14.Bxa6 Rxa6 15.exd5 Na5
16.Qb5 Rfa8 17.Qd3 Nc4 18.Bg5 Nb2 19.Qb5 Nc4 20.Bxf6 exf6 21.Nd4 Nd2 22.Rfd1 Ne4
23.Ne2 Qc5 24.Qxc5 bxc5 25.f3 Nd6 26.Rdb1 Kg7 27.g4 f5 28.gxf5 Nxf5 29.Rb5 c4
30.Nd4 Nd6 31.Rc5 Kf6 32.Re1 Rxa2 33.Rc6 R8a6 34.Kf2 R2a5 35.Re3 Rxc6 36.dxc6 Rc5
37.Re1 Nf5 38.Ra1 Nxd4 39.cxd4 Rxc6 40.Ra5 h5 41.h4 Rc7 42.c3 Ke6 43.Ke3 f6
44.d5+ Kd6 45.Kd4 Rf7 46.Ra6+  1-0

[Event "Reykjavik Open"]
[Site "Reykjavik ISL"]
[Date "2012.03.13"]
[Round "9.44"]
[White "Gikas,A"]
[Black "Johansen,St"]
[Result "1-0"]
[WhiteElo "2219"]
[BlackElo "1961"]

1.e4 g6 2.d4 Bg7 3.Nc3 c5 4.dxc5 Qa5 5.Bd2 Qxc5 6.Nd5 Na6 7.Bxa6 bxa6 8.Nf3 Nf6
9.Bb4 Qc4 10.Nd2 Qc6 11.Bc3 Kf8 12.Qf3 Ne8 13.O-O Rb8 14.Nb3 Bxc3 15.Qxc3 Qxc3
16.Nxc3 Nd6 17.Rab1 Rb4 18.f3 Nc4 19.Rfd1 Ne3 20.Rd2 f5 21.Kf2 f4 22.Nd5 Nxd5
23.Rxd5 e6 24.Rd2 g5 25.a3 Rb5 26.Nd4 Rb6 27.c4 d6 28.b4 Ke7 29.Rc1 e5 30.c5 dxc5
31.bxc5 Rf6 32.Nb3 h5 33.Na5 g4 34.Rd5 Re6 35.Nc4 Kf6 36.Rb1 Rg8 37.Rb8 g3+
38.hxg3 fxg3+ 39.Kg1 Ree8 40.Nd6 Rd8 41.Nc4 Rde8 42.Rd6+ Be6 43.Rb7 Rb8 44.c6 Rxb7
45.cxb7 Ke7 46.Rc6 Bxc4 47.Rc8  1-0

[Event "e2e4 High Wycombe Open"]
[Site "High Wycombe ENG"]
[Date "2012.03.17"]
[Round "2"]
[White "Bonafont,P"]
[Black "Phillips,O"]
[Result "0-1"]
[WhiteElo "2098"]
[BlackElo "1954"]

1.d4 g6 2.e4 Bg7 3.Nc3 c5 4.d5 d6 5.Bb5+ Bd7 6.a4 a6 7.Be2 e5 8.Nf3 f6 9.Nd2 Nh6
10.Nc4 Nf7 11.O-O O-O 12.a5 Qe8 13.Nb6 Ra7 14.Bg4 f5 15.exf5 gxf5 16.Bh5 Bb5
17.Re1 Nd7 18.Nca4 Bxa4 19.Rxa4 Nxb6 20.axb6 Ra8 21.Rh4 Qe7 22.Rh3 Ng5 23.Rg3 f4
24.Rg4 Qf6 25.h4 Nf7 26.Bxf4 exf4 27.Re6 Qxb2 28.Re7 Qd4 29.Qf3 Qa1+ 30.Kh2 Kh8
31.Rxf7 Rxf7 32.Bxf7 a5 33.Rg5 a4 34.Qh5 Qf6 35.Bg6 h6 36.Bd3 f3 37.g3 a3
38.Rg6 Qf8 39.Re6 Kg8 40.Qg4 a2 41.Rxh6 a1=Q 42.Bh7+ Kh8 43.Rh5 Qaf6  0-1

[Event "TCh-BEL 2011-12"]
[Site "Belgium BEL"]
[Date "2012.03.18"]
[Round "10.8"]
[White "Decoster,F"]
[Black "Memeti,K"]
[Result "1/2-1/2"]
[WhiteElo "2316"]
[BlackElo "2195"]

1.e4 g6 2.d4 Bg7 3.Nc3 c5 4.dxc5 Bxc3+ 5.bxc3 Qa5 6.Qd4 Nf6 7.Qb4 Qc7 8.Bb5 O-O
9.Ne2 Nc6 10.Bxc6 Qxc6 11.f3 b6 12.cxb6 d6 13.Be3 axb6 14.Nd4 Qc7 15.Nb5 Qc6
16.O-O Ba6 17.a4 Rfc8 18.Bg5 Qc5+ 19.Qxc5 Rxc5 20.Bxf6 exf6 21.Kf2 Bxb5 22.axb5 Rxa1
23.Rxa1 Rxb5 24.Ke3 Kf8 25.Kd4 Ke7 26.c4 Rc5 27.Ra6 b5 28.cxb5 Rxb5 29.Ra2 f5
30.c4 Rc5 31.exf5 Rxf5 32.Rb2 Rf4+ 33.Kd5 Rf5+ 34.Kd4 Rf4+ 35.Kd5 Rf5+ 36.Kd4  1/2-1/2

[Event "13th EICC"]
[Site "Plovdiv BUL"]
[Date "2012.03.22"]
[Round "3.95"]
[White "Nestorovic,L"]
[Black "Chatalbashev,B"]
[Result "0-1"]
[WhiteElo "2374"]
[BlackElo "2570"]

1.e4 g6 2.d4 Bg7 3.Nc3 a6 4.Be3 b5 5.Qd2 Bb7 6.f3 d6 7.O-O-O Nd7 8.h4 h6
9.h5 g5 10.d5 Ne5 11.g3 Nf6 12.f4 Neg4 13.Bd4 b4 14.Na4 c5 15.dxc6 Bxc6 16.Qxb4 Bxe4
17.fxg5 Bxh1 18.gxf6 Nxf6 19.Nb6 Rb8 20.Qa4+ Kf8 21.Qxa6 Ne4 22.Nd5 Bxd4
23.Rxd4 e6 24.Nf4 e5 25.Bc4 exd4 26.Qa7 Rh7 27.Ngh3 Qb6  0-1

[Event "28th Budapest Spring Festival"]
[Site "Budapest HUN"]
[Date "2012.03.29"]
[Round "4.7"]
[White "Grimm,D"]
[Black "Kahn,E"]
[Result "1-0"]
[WhiteElo "2067"]
[BlackElo "2265"]

1.e4 g6 2.d4 Bg7 3.Nc3 c5 4.Nge2 cxd4 5.Nxd4 d6 6.Be3 Nf6 7.f3 O-O 8.Qd2 Nc6
9.O-O-O Be6 10.Nxe6 fxe6 11.Kb1 Rc8 12.g3 Ne5 13.f4 Nc4 14.Bxc4 Rxc4 15.e5 Ne8
16.b3 Rc8 17.Ne4 Rc6 18.h4 Qc7 19.Bd4 dxe5 20.fxe5 Rf5 21.h5 gxh5 22.g4 Rxe5
23.gxh5 Rxe4 24.Bxg7 Nxg7 25.Rhg1 Rd6 26.Rxg7+ Kxg7 27.Qg2+ Kf8 28.Rf1+ Rf4
29.Rxf4+ Ke8 30.Rc4 Rd1+ 31.Kb2 Qe5+ 32.c3 Rd8 33.Qg8+ Kd7 34.Qxh7 Qh2+ 35.Ka3 Qd6+
36.b4 Qa6+ 37.Kb3 b5 38.Rd4+ Kc8 39.Rxd8+ Kxd8 40.Qh8+ Kd7 41.Qe5 Qa4+ 42.Kb2 Qd1
43.Qxb5+ Kc7 44.Qe5+ Kb7 45.Qe4+ Kc7 46.Qf4+ Kb7 47.Qh2  1-0

[Event "European Senior Teams 2012"]
[Site "Rogaska Slatina SLO"]
[Date "2012.03.31"]
[Round "5.6"]
[White "James,GH"]
[Black "Isserman,R"]
[Result "0-1"]
[WhiteElo "2215"]
[BlackElo "2309"]

1.e4 g6 2.d4 Bg7 3.Nc3 c5 4.Be3 Qa5 5.Nf3 Nf6 6.Qd2 cxd4 7.Nxd4 Nc6 8.Nb3 Qd8
9.Be2 d6 10.Bh6 O-O 11.O-O-O a5 12.a3 Bxh6 13.Qxh6 Qb6 14.Qf4 a4 15.Nd2 Nd4
16.Bc4 Qc5 17.Kb1 b5 18.Ba2 b4 19.axb4 Qxb4 20.Nc4 Nc6 21.Nd5 Nxd5 22.exd5 Na7
23.Qd2 Qb7 24.Rhe1 Rb8 25.c3 Bf5+ 26.Ka1 Rfc8 27.Re2 Rc5 28.f3 Rbc8 29.g4 Bd7
30.Rxe7 Rxc4 31.Bxc4 Rxc4 32.Qh6 a3 33.b4 Nc8 34.Rxf7 Kxf7 35.Qxh7+ Kf6 36.g5+ Ke5
37.Re1+ Kxd5 38.Qf7+ Kc6 39.Qxc4+ Kb6 40.Qd4+ Kc7 41.Re3 Qb5 42.c4 Qxb4 43.Ka2 Nb6
44.Rxa3 Qxc4+ 45.Qxc4+ Nxc4 46.Ra7+ Kc6 47.f4 Ne3 48.Kb3 Bg4 49.Kc3 Nd5+
50.Kd2 Bf5 51.Ra6+ Kd7 52.Ra4 Ke6 53.Rd4 Bg4 54.Ke1 Ne7 55.Re4+ Kf7 56.Kf2 d5
57.Ra4 Bh5 58.Ra6 d4 59.Rd6 Ke8 60.Rxd4 Nf5 61.Rd5 Ke7 62.Ke1 Ne3 63.Ra5 Ng2+
64.Kd2 Nxf4 65.h4 Ke6 66.Rb5 Nd5 67.Kd3 Be2+  0-1

[Event "16th Neckar Open"]
[Site "Deizisau GER"]
[Date "2012.04.09"]
[Round "8.16"]
[White "Kurmann,O"]
[Black "Izrailev,A"]
[Result "1-0"]
[WhiteElo "2458"]
[BlackElo "2312"]

1.e4 g6 2.d4 Bg7 3.Nc3 a6 4.a4 d6 5.Be3 Nd7 6.Qd2 b6 7.h4 h6 8.f3 Bb7 9.Nge2 e6
10.g3 Ngf6 11.Bg2 Qe7 12.g4 c5 13.g5 cxd4 14.Bxd4 hxg5 15.hxg5 Rxh1+ 16.Bxh1 Nh5
17.Bxg7 Nxg7 18.O-O-O O-O-O 19.f4 Ne8 20.b3 Kb8 21.Kb2 Rc8 22.Nb1 Nc5 23.Nec3 Bc6
24.Na3 Qb7 25.Nc4 Rd8 26.Ne5 Rc8 27.Nxc6+ Qxc6 28.Qd4 Nd7 29.Qd3 Qc5 30.Rd2 Qb4
31.Bg2 Ka7 32.Bf1 Kb8 33.Qe3 Ka7 34.Rd4 Qc5 35.Qd3 Qxc3+  1-0

[Event "Grand Congress Open"]
[Site "Bournemouth ENG"]
[Date "2012.04.21"]
[Round "3.15"]
[White "Hedjazian,N"]
[Black "Braun,W"]
[Result "0-1"]
[WhiteElo "2023"]
[BlackElo "2248"]

1.e4 g6 2.d4 Bg7 3.Nc3 a6 4.Be3 d6 5.a4 Nc6 6.h3 Nf6 7.Nf3 O-O 8.d5 Nb4 9.Be2 a5
10.O-O c6 11.dxc6 bxc6 12.Nd4 Bb7 13.Bf3 e5 14.Nb3 Qc7 15.g3 Rfe8 16.Bg2 d5
17.exd5 Nfxd5 18.Nxd5 cxd5 19.c3 Na6 20.Qd2 d4 21.Bxb7 Qxb7 22.Nxa5 dxe3
23.fxe3 Qc7 24.b4 e4  0-1

[Event "TCh-CZE Extraliga 2011-12"]
[Site "Czech Republic CZE"]
[Date "2012.04.21"]
[Round "10.8"]
[White "Krcal,M"]
[Black "Londyn,R"]
[Result "0-1"]
[WhiteElo "2130"]
[BlackElo "2373"]

1.e4 g6 2.d4 Bg7 3.Nc3 a6 4.a4 d6 5.g3 Nf6 6.Bg2 O-O 7.Nge2 e5 8.h3 Nc6 9.Be3 Rb8
10.a5 exd4 11.Nxd4 Bd7 12.O-O Re8 13.Re1 Ne5 14.Qe2 c5 15.Nb3 Be6 16.Red1 Qc7
17.Na4 Rbd8 18.Nb6 h6 19.Ra3 Bxb3 20.Rxb3 Nc6 21.Qd2 Nxe4 22.Bxe4 Rxe4 23.Bxh6 Rd4
24.Rd3 Rxd3 25.cxd3 Nd4 26.Qe3 Nf5  0-1

[Event "3rd LUC Open"]
[Site "Lille FRA"]
[Date "2012.04.24"]
[Round "2.13"]
[White "Bannink,B"]
[Black "Lagarde,Max"]
[Result "0-1"]
[WhiteElo "2259"]
[BlackElo "2488"]

1.d4 g6 2.e4 Bg7 3.Nc3 a6 4.Nf3 d6 5.Be3 Nd7 6.Bc4 e6 7.a4 b6 8.O-O Ne7 9.Ng5 h6
10.Nf3 Bb7 11.Re1 O-O 12.h4 Nf6 13.Bf4 d5 14.exd5 exd5 15.Bd3 c5 16.Be5 Nc6
17.Bf1 Nxd4 18.Bxd4 cxd4 19.Nxd4 Ne4 20.h5 Nxf2 21.Qd2 Ne4 22.Nxe4 dxe4 23.Rad1 Qh4
24.hxg6 fxg6 25.Re3 Rad8 26.c3 h5 27.Qe1 Qf6 28.Bc4+ Kh8 29.Ra1 Rxd4 30.cxd4 Qxd4
31.Rc1 Bh6 32.Rc3 Bxe3+ 33.Qxe3 Qxe3+ 34.Rxe3 Kg7 35.Be6 Kf6 36.Rb3 Kxe6
37.Rxb6+ Kd5 38.Rxb7 e3 39.Re7 Kd4 40.Rd7+ Kc4 41.Re7 Kd3 42.Rd7+ Kc2 43.Re7 Kd2
44.Rd7+ Ke1 45.g3 Rf1+ 46.Kg2 Rf2+  0-1

[Event "3rd LUC Open"]
[Site "Lille FRA"]
[Date "2012.04.25"]
[Round "4.18"]
[White "Simon,O"]
[Black "Bourgeois,F"]
[Result "1-0"]
[WhiteElo "2323"]
[BlackElo "1910"]

1.e4 g6 2.d4 Bg7 3.Nc3 c5 4.Nf3 cxd4 5.Nxd4 Nc6 6.Be3 d6 7.Qd2 Bd7 8.Bc4 Rc8
9.Bb3 Na5 10.O-O-O Nxb3+ 11.cxb3 Nf6 12.f3 b5 13.Kb1 a6 14.Bh6 O-O 15.h4 b4
16.Na4 Qa5 17.g4 Bxa4 18.bxa4 Qxa4 19.h5 Qd7 20.hxg6 fxg6 21.Bxg7 Kxg7 22.Qh6+ Kg8
23.e5 dxe5 24.Nf5 Qxd1+ 25.Rxd1 gxf5 26.g5 Ne8 27.Qe6+  1-0

[Event "TCh-ITA 2012"]
[Site "Arvier ITA"]
[Date "2012.04.29"]
[Round "4"]
[White "Napoli,N"]
[Black "Schacher,G"]
[Result "1/2-1/2"]
[WhiteElo "2327"]
[BlackElo "2340"]

1.e4 g6 2.d4 Bg7 3.Nc3 c5 4.dxc5 Bxc3+ 5.bxc3 Qa5 6.Qd4 Nf6 7.f3 Nc6 8.Qe3 b6
9.cxb6 Qxb6 10.Qxb6 axb6 11.Be3 d5 12.Bxb6 dxe4 13.Bc4 O-O 14.Bb3 Na5 15.Bd4 Bb7
16.f4 Rfd8 17.Ne2 Nd5 18.O-O-O Rac8 19.h4 h5 20.g4 Ba6 21.Rde1 Bxe2 22.Rxe2 hxg4
23.Bxd5 Rxd5 24.Rxe4 Nc6 25.Bf2 Ra8 26.a4 Rda5 27.Rg1 R8a6 28.Rxg4 Rxa4 29.c4 Kf8
30.Rg5 Ra1+ 31.Kd2 Rf1 32.Re2 Rh1 33.Rb5 Ra8 34.Rb6 Rc8 35.Ra6 Rb1 36.Bc5 Rb7
37.Kc3 Nd8 38.Ba3 Rbc7 39.Ra4 Ne6  1/2-1/2

[Event "69th ch-GEO w"]
[Site "Anaklia GEO"]
[Date "2012.04.30"]
[Round "3"]
[White "Melia,S"]
[Black "Batsiashvili,N"]
[Result "1/2-1/2"]
[WhiteElo "2400"]
[BlackElo "2438"]

1.e4 g6 2.d4 Bg7 3.Nc3 d5 4.exd5 Nf6 5.Bb5+ Nbd7 6.Nf3 O-O 7.O-O Nb6 8.h3 Nbxd5
9.Nxd5 Qxd5 10.Qe2 Bf5 11.Bd3 Bxd3 12.Qxd3 Rfd8 13.Re1 e6 14.Bf4 Rac8 15.c4 Qa5
16.Qb3 Qb6 17.Qxb6 axb6 18.a4 Rd7 19.a5 bxa5 20.Rxa5 Ne8 21.Ra7 Bxd4 22.Rxb7 Nd6
23.Bxd6 Rxd6 24.Nxd4 Rxd4 25.c5 Kf8 26.b4 Rc4 27.Rd1  1/2-1/2

[Event "Norsk Sjakkfestival"]
[Site "Fagernes NOR"]
[Date "2012.05.02"]
[Round "6"]
[White "Gullaksen,E"]
[Black "Johansen,St"]
[Result "1-0"]
[WhiteElo "2387"]
[BlackElo "1961"]

1.e4 g6 2.d4 Bg7 3.Nc3 c5 4.Nf3 Nc6 5.dxc5 Bxc3+ 6.bxc3 Qa5 7.Bd2 Qxc5 8.Bd3 Nf6
9.O-O O-O 10.Rb1 a6 11.c4 d6 12.h3 Ne5 13.Nxe5 Qxe5 14.Qe1 b5 15.cxb5 axb5
16.Rxb5 Qe6 17.e5 Nh5 18.exd6 exd6 19.Rb6 Rxa2 20.Bh6 Rd8 21.Qb4 Qe5 22.Rb8 Ra1
23.Qb7 Rxf1+ 24.Bxf1 Qe8 25.Qc7 Ng7 26.Bc4  1-0

[Event "Copenhagen Chess Challenge 2012"]
[Site "Ballerup DEN"]
[Date "2012.05.06"]
[Round "9"]
[White "Haubro,M"]
[Black "Fries Nielsen,NJ"]
[Result "1-0"]
[WhiteElo "2092"]
[BlackElo "2326"]

1.e4 g6 2.d4 Bg7 3.Nc3 c5 4.d5 d6 5.Bd3 a6 6.a4 e6 7.Nge2 Ne7 8.O-O O-O 9.Bf4 e5
10.Bg3 Nd7 11.a5 f5 12.f3 Nf6 13.h3 Bd7 14.Bf2 Qc8 15.Na4 fxe4 16.Nb6 Qe8
17.fxe4 Rb8 18.b4 cxb4 19.Qb1 g5 20.Qxb4 Rd8 21.Ng3 Nh5 22.Nc4 Nc8 23.Ne3 Nf4
24.Qxb7 Nxd3 25.cxd3 Bb5 26.Rfc1 Rd7 27.Rc7 Qf7 28.Rxd7 Qxd7 29.Qxd7 Bxd7
30.Nef5 h5 31.Nxg7 Kxg7 32.Nxh5+ Kg6 33.Ng3 Bb5 34.d4 exd4 35.Bxd4 Ne7 36.Rc1 Rc8
37.Rxc8 Nxc8 38.Kf2 Bd7 39.Ke3 Kf7 40.Nf1 Ne7 41.Nd2 Ng6 42.Nf3 g4 43.hxg4 Bxg4
44.Nd2 Bd7 45.Nc4 Ke7 46.g3 Bb5 47.Nd2 Kf7 48.Nf3 Ne7 49.Ba7 Ng6 50.Bb8 Ke7
51.Nd4 Bd7 52.Nf5+ Bxf5 53.exf5 Ne5 54.Kf4 Nd3+ 55.Kg5 Nb4 56.Kg6 Nxd5 57.g4 Nf4+
58.Kg7 Kd7 59.f6 Ne6+ 60.Kg8 d5 61.f7 Ke7 62.Be5 Nf8 63.Bd6+  1-0

[Event "ch-CZE 2012"]
[Site "Kouty nad Desnou CZE"]
[Date "2012.05.14"]
[Round "3"]
[White "Pecha,T"]
[Black "Simek,P2"]
[Result "1/2-1/2"]
[WhiteElo "2243"]
[BlackElo "2327"]

1.d4 g6 2.e4 Bg7 3.Nc3 c5 4.Nf3 cxd4 5.Nxd4 Nc6 6.Be3 Nf6 7.Bc4 O-O 8.Bb3 d6
9.f3 Nd7 10.O-O Nde5 11.Kh1 Na5 12.Qe2 Bd7 13.Rad1 Rc8 14.Qf2 Qe8 15.Qh4 Nec4
16.Bc1 Kh8 17.Nd5 f6 18.Bxc4 Nxc4 19.Qf2 Qf7 20.Rfe1 b6 21.b3 Na5 22.c4 Rfe8
23.Bb2 Nb7 24.a4 Nc5 25.Qc2 Kg8 26.Nb5 a6 27.Nbc3 Rc6 28.Nb4 Rc7 29.Nd3 Ne6
30.Nd5 Rb7 31.b4 a5 32.bxa5 bxa5 33.Bc3 Reb8 34.Qa2 Kf8 35.Rb1 Qe8 36.Rxb7 Rxb7
37.Bxa5 Bxa4 38.Rb1 Bc6 39.Rxb7 Bxb7 40.Qb3 Qc6 41.Qb5 Ke8 42.Qxc6+ Bxc6
43.Bb4 Ba4 44.c5 Bb5 45.N3f4 Nxf4 46.Nxf4 dxc5 47.Bxc5 Bc4 48.Kg1  1/2-1/2

[Event "30th Liechtenstein Open 2012"]
[Site "Triesen LIE"]
[Date "2012.05.17"]
[Round "7.13"]
[White "Paehtz,T sr"]
[Black "Mannhart,M"]
[Result "1-0"]
[WhiteElo "2438"]
[BlackElo "2079"]

1.e4 g6 2.d4 Bg7 3.Nc3 c5 4.d5 d6 5.Nf3 Nf6 6.Be2 O-O 7.O-O a6 8.a4 b6 9.h3 Nbd7
10.Bf4 Qc7 11.Re1 Ne5 12.Nd2 Ne8 13.Bg3 f6 14.f4 Nf7 15.Bc4 Nh6 16.Nf3 Qd8
17.Bf2 Nc7 18.b4 Rb8 19.Rb1 Bd7 20.Bf1 Kh8 21.Qd2 Ng8 22.Rb3 e5 23.Reb1 Ra8
24.Be3 Qe8 25.bxc5 bxc5 26.Rb6 Qe7 27.Bxc5 dxc5 28.d6 Qd8 29.dxc7 Qxc7 30.Rb7 Qa5
31.Qxd7  1-0

[Event "6th Wunsiedel Open"]
[Site "Wunsiedel GER"]
[Date "2012.05.18"]
[Round "3"]
[White "Danin,A"]
[Black "Troyke,C"]
[Result "1-0"]
[WhiteElo "2519"]
[BlackElo "2357"]

1.e4 g6 2.d4 Bg7 3.Nc3 c5 4.dxc5 Bxc3+ 5.bxc3 Qa5 6.Qd4 Nf6 7.Qb4 Nc6 8.Qxa5 Nxa5
9.Bd3 O-O 10.Ne2 b6 11.Ba3 Bb7 12.f3 bxc5 13.Bxc5 d6 14.Bb4 Nc6 15.Rb1 Rab8
16.Kd2 Rfc8 17.Rb3 Nd7 18.Rhb1 Nb6 19.Ke1 Ba8 20.Nd4 Kg7 21.Kd1 Na4 22.Kd2 Rc7
23.Nxc6 Rxc6 24.Bxd6 Rxb3 25.axb3 Rxd6 26.bxa4 Rb6 27.Rxb6 axb6 28.e5  1-0

[Event "TCh-HUN 2011-12"]
[Site "Budapest HUN"]
[Date "2012.05.20"]
[Round "11"]
[White "Hoang Thanh Trang"]
[Black "Mihok,O"]
[Result "1/2-1/2"]
[WhiteElo "2446"]
[BlackElo "2445"]

1.d4 g6 2.e4 Bg7 3.Nc3 Nc6 4.Be3 d5 5.exd5 Nb4 6.a3 Nxd5 7.Nxd5 Qxd5 8.Nf3 Nh6
9.c3 O-O 10.Be2 Nf5 11.Bd2 c5 12.dxc5 Qxc5 13.O-O b6 14.Qa4 Bb7 15.Rad1 e5
16.Nh4 Nxh4 17.Qxh4 Qc6 18.f3 Bf6  1/2-1/2

[Event "Serbia Cup Final 2012"]
[Site "Kragujevac SRB"]
[Date "2012.05.20"]
[Round "7"]
[White "Perunovic,Mil"]
[Black "Stojanovic,Andj"]
[Result "1-0"]
[WhiteElo "2577"]
[BlackElo "2293"]

1.e4 g6 2.d4 Bg7 3.Nc3 d5 4.Nf3 c6 5.h3 Nh6 6.Bf4 O-O 7.Qd2 dxe4 8.Nxe4 Nf5
9.c3 a5 10.Bd3 Na6 11.O-O Nc7 12.Rfe1 Nd5 13.Bh2 Bh6 14.Qc2 Nf4 15.Bf1 Nd6
16.Neg5 Ne6 17.Nxe6 Bxe6 18.Rad1 a4 19.c4 b5 20.d5 Bf5 21.Qe2 bxc4 22.Ne5 Bd3
23.Qf3 cxd5 24.Bxd3 e6 25.Bxc4 Nxc4 26.Nxc4 Bg7 27.Be5 Bxe5 28.Nxe5  1-0

[Event "HC Andersen Mindgames"]
[Site "Odense DEN"]
[Date "2012.05.20"]
[Round "8.14"]
[White "Tari,A"]
[Black "Hansen,LH"]
[Result "1-0"]
[WhiteElo "2216"]
[BlackElo "1992"]

1.e4 g6 2.d4 Bg7 3.Nc3 c5 4.dxc5 Qa5 5.Bd2 Qxc5 6.Nf3 d6 7.Bd3 Nf6 8.O-O Nc6
9.a3 O-O 10.h3 d5 11.e5 Nxe5 12.Nxe5 d4 13.Nf3 dxc3 14.Bxc3 Nd5 15.Bxg7 Kxg7
16.Qd2 Nf6 17.Rfe1 Re8 18.Re5 Qc7 19.Rae1 e6 20.c4 Rd8 21.Qc3 Kg8 22.R5e3 Nh5
23.Ne5 Qc5 24.Rf3 f5 25.b4 Qd4 26.Qc1 Kg7 27.Re4 Qd6 28.c5 Qe7 29.Re1 Nf6
30.g4 Qf8 31.Qb2 Kg8 32.Bc4 Rd4 33.Qxd4  1-0

[Event "6th Wunsiedel Open"]
[Site "Wunsiedel GER"]
[Date "2012.05.20"]
[Round "7"]
[White "Fedorovsky,M"]
[Black "Seyb,D"]
[Result "1/2-1/2"]
[WhiteElo "2403"]
[BlackElo "2257"]

1.d4 g6 2.e4 Bg7 3.Nc3 d5 4.exd5 Nf6 5.Bb5+ Nbd7 6.Nge2 O-O 7.Bxd7 Qxd7 8.Nf4 b5
9.a3 Bb7 10.O-O Nxd5 11.Ncxd5 Bxd5 12.Nxd5 Qxd5  1/2-1/2

[Event "10th Somov Memorial"]
[Site "Kirishi RUS"]
[Date "2012.05.22"]
[Round "10"]
[White "Oparin,G"]
[Black "Vakhidov,J"]
[Result "1-0"]
[WhiteElo "2494"]
[BlackElo "2439"]

1.e4 g6 2.d4 Bg7 3.Nc3 a6 4.f4 d5 5.e5 Nh6 6.Nf3 Bg4 7.Be2 f6 8.Be3 e6 9.Qd2 c5
10.dxc5 Bxf3 11.Bxf3 Nc6 12.O-O-O Nf5 13.exf6 Qxf6 14.Bf2 O-O 15.Rhe1 Kh8
16.g3 Nfd4 17.Bg2 g5 18.Bxd4 Nxd4 19.fxg5 Qg6 20.Rf1 Nf5 21.Ne2 e5 22.Bxd5 Rfd8
23.c4 Rac8 24.g4 Ne7 25.Qe3 Nxd5 26.Rxd5 Rxd5 27.cxd5 Qd6 28.Nc3 Rxc5 29.Qd3 e4
30.Qxe4 Rc8 31.Kb1 Rd8 32.h4 Qb6 33.Qc4 Qe3 34.Rd1 b5 35.Qe4 Qf2 36.d6 b4
37.Ne2 Qf7 38.d7 h5 39.gxh6 Bxh6 40.g5 Bg7 41.Qd3 a5 42.h5 Qe7 43.h6 Be5
44.g6 Qe6 45.g7+ Kg8 46.Qd5  1-0

[Event "29th BSG Pinkster Open"]
[Site "Bussum NED"]
[Date "2012.05.26"]
[Round "3.6"]
[White "Beerdsen,Thomas"]
[Black "Vereggen,L"]
[Result "1-0"]
[WhiteElo "2066"]
[BlackElo "2057"]

1.e4 g6 2.d4 Bg7 3.Nc3 c5 4.Nf3 Nc6 5.Be3 cxd4 6.Nxd4 d6 7.Qd2 Nf6 8.f3 a6
9.O-O-O Nxd4 10.Bxd4 Be6 11.g4 h6 12.h4 b5 13.Be2 Qa5 14.g5 Nh5 15.f4 b4
16.Nb1 Bxd4 17.Qxd4 O-O-O 18.Qa7 Qc7 19.Bxa6+ Kd7 20.Bb5+ Kc8 21.Qa6+ Kb8
22.Rd4 Qc5 23.Rxb4 Kc7 24.Qa5+ Qb6 25.Qxb6+ Kxb6 26.Bd3+ Kc5 27.Rb5+ Kc6
28.f5 Nf4 29.Nc3 Bc8 30.Rf1 Nxd3+ 31.cxd3 Ba6 32.Rd5 hxg5 33.hxg5 Rh3 34.Rd1 e6
35.fxe6 fxe6 36.Rd4 Kc5 37.Ne2 Rh2 38.b4+ Kb6 39.Rd2 e5 40.Rd5 Bb7 41.Ra5 Rc8+
42.Kb2 Rg2 43.a3 Rh8 44.Rb5+ Ka7 45.Rc2 Rh7 46.Nc3 Rxg5 47.Ra5+ Kb8 48.Nb5 Rd7
49.Rf2 Rd8 50.Rf6 Rg2+ 51.Kb3 Rg3 52.Kc2 Rg2+ 53.Kc3 d5 54.Nd6 d4+ 55.Kb3 Rd2
56.Rb5 Rxd3+ 57.Ka4 Rd7 58.Rf8+ Ka7 59.Ra5+ Ba6 60.Rf6 Re3 61.Nb5+ Kb8 62.Raxa6 d3
63.Rf8+ Kb7 64.Ra7+ Kc6 65.Rf6+  1-0

[Event "21st Chicago Open"]
[Site "Wheeling USA"]
[Date "2012.05.27"]
[Round "6"]
[White "Ramirez,Alej"]
[Black "Kacheishvili,G"]
[Result "1/2-1/2"]
[WhiteElo "2593"]
[BlackElo "2598"]

1.d4 g6 2.e4 Bg7 3.Nc3 c5 4.d5 d6 5.Be2 Nf6 6.h4 O-O 7.h5 b5 8.hxg6 fxg6
9.e5 dxe5 10.Bxb5 e6 11.d6 Qb6 12.Bg5 Nc6 13.Bxc6 Qxc6 14.Nf3 Ba6 15.Bxf6 Rxf6
16.Qd2 Rf4 17.O-O-O Rd4 18.Qg5 Rxd6 19.Rxd6 Qxd6 20.Qh4 h6 21.Qe4 Qf8 22.Nxe5 Rd8
23.Nxg6 Qxf2 24.Qxe6+ Kh7 25.Ne7 Qxg2 26.Qf5+  1/2-1/2